000 00441nam a2200145 i 4500
001 44952
003 ES-MaACL
007 t|
008 030324s1915 ag ||||1| spa d
245 0 3 _aEl nuevo código de procedimiento penal de la provincia de Buenos Aires /
_ccomentado por Tomás Jofre.
260 _aBuenos Aires :
_bJ. Lajounne,
_c1915.
300 _a2 v. ;
_c27 cm.
700 1 _aJofre, Tomás.
_966708
852 _aES-MaACL
_jG-6066-7
999 _c44952
_d44952